ARRUPE JESUIT UNIVERSITY

CORONAVIRUS -STOP THE SPREAD - CLEAN,DISINFECT,COVER

African mythology (Record no. 36576)

MARC details
000 -LEADER
fixed length control field 00386nam a2200169Ia 4500
003 - CONTROL NUMBER IDENTIFIER
control field 0100
008 - FIXED-LENGTH DATA ELEMENTS--GENERAL INFORMATION
fixed length control field 130303s9999 xx 000 0 und d
040 ## - CATALOGING SOURCE
Transcribing agency ARRUPELIB
050 ## - LIBRARY OF CONGRESS CALL NUMBER
Classification number BL2400.P341967
100 ## - MAIN ENTRY--PERSONAL NAME
Personal name Parrinder, Edward Geoffrey
245 ## - TITLE STATEMENT
Title African mythology
260 ## - PUBLICATION, DISTRIBUTION, ETC. (IMPRINT)
Place of publication, distribution, etc London
260 ## - PUBLICATION, DISTRIBUTION, ETC. (IMPRINT)
Name of publisher, distributor, etc Hamlyn
260 ## - PUBLICATION, DISTRIBUTION, ETC. (IMPRINT)
-- 1967
700 ## - ADDED ENTRY--PERSONAL NAME
Personal name Edward Geoffrey Parrinder
942 00 - ADDED ENTRY ELEMENTS (KOHA)
Koha issues (borrowed), all copies 2
Holdings
Withdrawn status Lost status Source of classification or shelving scheme Damaged status Not for loan Home library Current library Shelving location Date acquired Total Checkouts Full call number Barcode Date last seen Date checked out Copy number Price effective from Koha item type Collection code
    Library of Congress Classification     ARRUPE LIBRARY ARRUPE LIBRARY   04/03/2013 7 BL2400.P341967 46003040891 23/03/2020 11/03/2020 1 04/03/2013 Monograph ( Printed materials)  
    Library of Congress Classification     ARRUPE LIBRARY ARRUPE LIBRARY   04/03/2013 3 BL2400.P341967 46003034372 03/04/2017 14/03/2017 2 04/03/2013 Monograph ( Printed materials) Main Collection
    Library of Congress Classification     ARRUPE LIBRARY ARRUPE LIBRARY   04/03/2013 4 BL2400.P341967 46003034920 03/08/2020 05/06/2020 3 04/03/2013 Monograph ( Printed materials) Main Collection

 

Arrupe Library. PO Box MP320 Mt Pleasant, Harare, Zimbabwe
263 242 745411|librarian@aju.ac.zw